Platonic architectonics : platonic philosophies & the visual arts (Record no. 37918)

MARC details
000 -LEADER
fixed length control field 00684nam a2200229Ia 4500
008 - FIXED-LENGTH DATA ELEMENTS--GENERAL INFORMATION
fixed length control field 191130s2004##################000#0#eng##
020 ## - INTERNATIONAL STANDARD BOOK NUMBER
International Standard Book Number 9780820471105
022 ## - INTERNATIONAL STANDARD SERIAL NUMBER
International Standard Serial Number 2003025898
040 ## - CATALOGING SOURCE
Original cataloging agency ACL
Transcribing agency ACL
082 ## - DEWEY DECIMAL CLASSIFICATION NUMBER
Classification number 184 HEN
100 ## - MAIN ENTRY--PERSONAL NAME
Personal name Hendrix, John
245 ## - TITLE STATEMENT
Title Platonic architectonics : platonic philosophies & the visual arts
Statement of responsibility, etc. John Hendrix
260 ## - PUBLICATION, DISTRIBUTION, ETC.
Place of publication, distribution, etc. Bern
Name of publisher, distributor, etc. Peter Lang
Date of publication, distribution, etc. c2004
300 ## - PHYSICAL DESCRIPTION
Extent viii, 283 p. : ill. ; 23cm
500 ## - GENERAL NOTE
General note Includes bibliographical references (p. [279]-283)
650 ## - SUBJECT ADDED ENTRY--TOPICAL TERM
Topical term or geographic name entry element Aesthetics - History
Topical term or geographic name entry element Plato - Aesthetics
Topical term or geographic name entry element Platonists
990 ## - EQUIVALENCES OR CROSS-REFERENCES [LOCAL, CANADA]
Link information for 9XX fields 3a6ae25dac10000c0c7f6e866c81d1c8
991 ## -
-- 289461
Holdings
Withdrawn status Lost status Damaged status Not for loan Home library Current library Shelving location Date acquired Total Checkouts Full call number Barcode Date last seen Price effective from Koha item type
        Anna Centenary Library Anna Centenary Library 3RD FLOOR, A WING 09.10.2020   184 HEN 215214 09.10.2020 09.10.2020 Books

Find us on the map